| 000 | 00000nam##2200000za#4500 |
| 001 | 9.644035 |
| 003 | CaOODSP |
| 005 | 20250611103612 |
| 007 | cr ||||||||||| |
| 008 | 150407|2014||||xxc|||||o f|0| 0 fre|d |
| 020 | |a978-0-660-23020-7 |
| 040 | |aCaOODSP|bfre |
| 043 | |an-cn--- |
| 086 | 1 |aA59-19/2014F-PDF |
| 110 | 1 |aCanada. |bAgriculture et agroalimentaire Canada. |
| 245 | 10|aImpacts des étangs épurateurs et régulateurs sur l'hydrologie et la qualité de l'eau / |h[ressource électronique]|c[par] François Chrétien. |
| 260 | |aOttawa - Ontario : |bAgriculture et Agroalimentaire Canada |c8 octobre 2014. |
| 300 | |a49p.|bfigures, graphiques, références, tableaux, photographies |
| 590 | |a15-05|b2015-01-30 |
| 691 | 07|aQualité de l'eau|2gcpds |
| 775 | 08|tImpacts of stormwater treatment and flow regulation ponds on hydrology and water quality / |w(CaOODSP)9.700135 |
| 856 | 40|ahttp://publications.gc.ca|qPDF|s2374 Ko|uhttps://publications.gc.ca/collections/collection_2015/aac-aafc/A59-19-2014-fra.pdf |
| 986 | |aNo d'AAC: 12303F |